| 000 | 00869cam a2200193 4500 | ||
|---|---|---|---|
| 001 | X111878 | ||
| 008 | 000000n2001 000 0 eng u | ||
| 035 | _a(Sirsi) u111878 | ||
| 245 | _aR v Lichfield DC and another ex p Lichfield Securities Ltd | ||
| 260 | _c2001 | ||
| 490 |
_aProperty, Planning and Compensation Reports _v[2001] 81 P&CR 213-235(23) |
||
| 520 | _aQBD 18 May 2000. Town and country planning. S106 agreements. Contributions to road improvement works. Consultation with third party developers required to contributions to such works. DoE Circular1/97. Fair procedure. Legitimate expectation. | ||
| 650 | _aR V LICHFIELD DC AND ANOTHER EX P LICHFIELD SECURITIES LTD | ||
| 650 | _aTOWN AND COUNTRY PLANNING ACT 1990 S106 | ||
| 650 | _aDOE CIRCULAR 01/1997 | ||
| 650 | _aROAD IMPROVEMENTS | ||
| 690 |
_aPlanning and development _96259 |
||
| 942 | _n0 | ||
| 999 |
_c66676 _d66676 |
||